000 00639cam a22002293a 4500
001 34588
003 PGUSA
005 20140828083739.0
008 101208s2010||||xxu|||||s|||||000 | eng d
040 _aPGUSA
_beng
042 _adc
100 1 _aAesop
245 1 0 _aÆsop's Fables with Modern Instances
_h[electronic resource] /
_cAesop
260 _bProject Gutenberg,
_c2010
506 _aPublic domain in the USA.
516 _aElectronic text
700 1 _aCaldecott, Randolph,
_d1846-1886
700 1 _aCaldecott, Alfred
830 0 _aProject Gutenberg
_v34588
856 4 0 _uhttp://www.gutenberg.org/ebooks/34588
942 _cEB
999 _c263843
_d263843